MARC details
| 000 -CABECERA |
| campo de control de longitud fija |
02275nam a2200265 a 4500 |
| 001 - NÚMERO DE CONTROL |
| campo de control |
000016958 |
| 003 - IDENTIFICADOR DEL NÚMERO DE CONTROL |
| campo de control |
DO-SdBNP |
| 005 - FECHA Y HORA DE LA ÚLTIMA TRANSACCIÓN |
| campo de control |
20240304145220.0 |
| 007 - CAMPO FIJO DE DESCRIPCIÓN FÍSICA--INFORMACIÓN GENERAL |
| campo de control de longitud fija |
ta |
| 008 - DATOS DE LONGITUD FIJA--INFORMACIÓN GENERAL |
| campo de control de longitud fija |
100312e2003 dr ad fr 001 e spa d |
| 040 ## - FUENTE DE LA CATALOGACIÓN |
| Centro catalogador/agencia de origen |
DO-SdBNP |
| Lengua de catalogación |
spa |
| Centro/agencia transcriptor |
BNPHU |
| 082 #4 - NÚMERO DE LA CLASIFICACIÓN DECIMAL DEWEY |
| Número de documento/Ítem |
L789a |
| Número de edición |
22 |
| 100 1# - ENTRADA PRINCIPAL--NOMBRE DE PERSONA |
| Nombre de persona |
Liz, Roberto E. |
| 9 (RLIN) |
37488 |
| 245 10 - MENCIÓN DE TÍTULO |
| Título |
Análisis económico de la educación en la República Dominicana. / |
| Mención de responsabilidad, etc. |
Roberto E. Liz, Enrique Ogando B. |
| 260 ## - PUBLICACIÓN, DISTRIBUCIÓN, ETC. |
| Lugar de publicación, distribución, etc. |
Santo Domingo : |
| Nombre del editor, distribuidor, etc. |
UNESCO, |
| Fecha de publicación, distribución, etc. |
2003 |
| 300 ## - DESCRIPCIÓN FÍSICA |
| Extensión |
82 p. : |
| Otras características físicas |
il., gráf. ; |
| Dimensiones |
28 cm. |
| 490 0# - MENCIÓN DE SERIE |
| Mención de serie |
Cuaderno de Educación Básica Para Todos |
| 505 0# - NOTA DE CONTENIDO CON FORMATO |
| Nota de contenido con formato |
Resumen Ejecutivo. |
| Información miscelánea |
Capítulo I. |
| Título |
Antecedentes Resumen Lineamientos Plan Desarrollo de la Educación Dominicana 2002 - 20012.-- |
| Información miscelánea |
Capítulo II. |
| Título |
Marco Referencial. a) Contexto Institucional.-- b) Contexto Económico.-- |
| Información miscelánea |
Capítulo III. |
| Título |
El Gasto Público en la Educación Dominicana. a) El Gasto Público en Educación con Relación al PBI.- b) El Gasto Público en Educación con Relación al Presupuesto Nacional.-- c) El Gasto Público en Educación y el Gasto Social en R. D..-- |
| Información miscelánea |
Capítulo IV. |
| Título |
Otros Aspectos del Gasto Público en Educación. a) El gasto corriente y el gasto de capital.-- b) Fuentes externas de financiamiento.-- c) Distribución del gasto en la SEE.-- d) El fondo de fomento a la educación.-- |
| Información miscelánea |
Capítulo V. |
| Título |
Gastos Totales y Unitarios por Nivel Educativo, Género y Zona Geográfica. a) Por Niveles Educativos.-- b) Por Género y Distribución Geográficas.-- |
| Información miscelánea |
Capítulo VI. |
| Título |
Análisis Comparativo del financiamiento a la Educación Privada en la República Dominicana. a) Comparación de la Educación Pública en República Dominicana.-- b) Gastos de la familia en Educación Privada.-- c) El financiamiento de la educación en la República Dominicana en el Contexto Internacional.-- |
| Información miscelánea |
Capítulo VII. |
| Título |
Proyecciones del Financiamiento de la Educación en República Dominicana. a) Escenario no. 1.-- b) Escenario no. 2.-- |
| -- |
Relación de Cuadros.-- |
| -- |
Relación de Gráficos. |
| 590 ## - NOTA LOCAL (RLIN) |
| Nota local |
Inventariado 2023 / MF |
| 700 1# - PUNTO DE ACCESO ADICIONAL--NOMBRE DE PERSONA |
| Nombre de persona |
Ogando B. Enrique |
| 9 (RLIN) |
37489 |
| 710 2# - PUNTO DE ACCESO ADICIONAL--NOMBRE DE ENTIDAD CORPORATIVA |
| 9 (RLIN) |
19481 |
| Nombre de entidad corporativa o nombre de jurisdicción como elemento de entrada |
Secretaría de Estado de Educación (República Dominicana) |
| 710 2# - PUNTO DE ACCESO ADICIONAL--NOMBRE DE ENTIDAD CORPORATIVA |
| Nombre de entidad corporativa o nombre de jurisdicción como elemento de entrada |
FLACSO (Organización). |
| Unidad subordinada |
Programa República Dominicana |
| 9 (RLIN) |
71393 |
| 910 ## - DATOS DE OPCIÓN DEL USUARIO (OCLC) |
| Datos de opción del usuario |
MFeliz |
| 942 ## - ELEMENTOS DE PUNTO DE ACCESO ADICIONAL (KOHA) |
| Fuente del sistema de clasificación o colocación |
Dewey Decimal Classification |
| Tipo de ítem Koha |
Libro |